Statistics for Country Shape Tile Select #1

Click here to take the quiz!

General Stats

  • This quiz has been taken 21 times
  • The average score is 37 of 45

Answer Stats

QuestionTileSelect% Correct
Which of these countries are in Europe?No
100%
Which of these countries are in Europe?No
100%
Which of these countries are in Europe?No
100%
Which of these countries have over 100 million people?Yes
95%
Which of these countries have territory in the Arctic Circle?Yes
95%
Which of these countries border Russia?No
95%
Which of these countries have territory in the Arctic Circle?No
95%
Which of these countries border Russia?No
95%
Which of these countries are under 100,000 square km?No
95%
Which of these countries are under 100,000 square km?Yes
95%
Which of these countries are under 100,000 square km?No
95%
Which of these countries have over 100 million people?No
95%
Which of these countries have territory in the Arctic Circle?No
95%
Which of these countries are in Europe?No
95%
Which of these countries have over 100 million people?No
95%
Which of these countries are in Europe?Yes
95%
Which of these countries are in Europe?No
95%
Which of these countries have over 100 million people?No
89%
Which of these countries have territory in the Arctic Circle?No
89%
Which of these countries are under 100,000 square km?No
89%
Which of these countries have over 100 million people?Yes
89%
Which of these countries are in Europe?Yes
89%
Which of these countries border Russia?Yes
89%
Which of these countries have over 100 million people?Yes
84%
Which of these countries border Russia?No
84%
Which of these countries have territory in the Arctic Circle?No
84%
Which of these countries are under 100,000 square km?Yes
84%
Which of these countries are in Europe?Yes
79%
Which of these countries border Russia?No
79%
Which of these countries have territory in the Arctic Circle?No
79%
Which of these countries are in Europe?Yes
74%
Which of these countries have territory in the Arctic Circle?Yes
74%
Which of these countries have over 100 million people?No
74%
Which of these countries have territory in the Arctic Circle?Yes
68%
Which of these countries are under 100,000 square km?Yes
68%
Which of these countries border Russia?Yes
63%
Which of these countries border Russia?Yes
58%
Which of these countries border Russia?Yes
58%
Which of these countries border Russia?Yes
58%
Which of these countries are under 100,000 square km?Yes
58%
Which of these countries have over 100 million people?Yes
58%
Which of these countries have over 100 million people?Yes
58%
Which of these countries are under 100,000 square km?No
58%
Which of these countries have territory in the Arctic Circle?Yes
53%
Which of these countries are under 100,000 square km?Yes
47%

Score Distribution

Percentile by Number Answered

Percent of People with Each Score

Your Score History

You have not taken this quiz